| 000 | 00365nam a22001457a 4500 | ||
|---|---|---|---|
| 003 | OSt | ||
| 005 | 20260204090332.0 | ||
| 008 | 260204b |||||||| |||| 00| 0 eng d | ||
| 020 | _a0763803286 | ||
| 040 | _cEMCP PARADIGM | ||
| 050 | _aPIUDLMUR917 | ||
| 245 |
_aMICROSOFT ACCESS _cRUTKOSKY |
||
| 260 |
_aMONTREAL WAY _bPARADGM PUBLISHING INC _c2000 |
||
| 942 |
_2ddc _cBK _n0 |
||
| 999 |
_c9927 _d9927 |
||